Organizaciones y arquitectura de computadores
Kaydedildi:
| Yazar: | |
|---|---|
| Materyal Türü: | Kitap |
| Dil: | İspanyolca |
| Baskı/Yayın Bilgisi: |
Madrid
Pearson Educacion
2006
|
| Edisyon: | 7a. ed |
| Konular: | |
| Etiketler: |
Etiketle
Etiket eklenmemiş, İlk siz ekleyin!
|
MARC
| LEADER | 00000cam a2200000 a 4500 | ||
|---|---|---|---|
| 001 | UCI0610 | ||
| 003 | CL-VaPUC | ||
| 008 | 070518e20060000SP |||||||||||||||||spa|d | ||
| 020 | |a 8489660824 | ||
| 082 | 0 | 4 | |a 004.21 |b STA |2 21 |
| 100 | 0 | |a Stallings, Williams |e author |9 520755 | |
| 245 | 1 | 0 | |a Organizaciones y arquitectura de computadores |
| 250 | |a 7a. ed | ||
| 300 | |a 813 p | ||
| 942 | |c BK | ||
| 945 | |d 20070518 00:00:00 |a jtorresc | ||
| 260 | |a Madrid |b Pearson Educacion |c 2006 | ||
| 650 | 0 | |a Arquitectura de computadores |9 262439 | |
| 650 | 7 | |a ORGANIZACION DE COMPUTADORES |2 CL-VaPUC |9 473179 | |
| 583 | |a last modification |c 20171214 04:30:52 |k Rodrigo Vera | ||
| 999 | |c 325686 |d 325684 | ||
| 952 | |0 0 |1 0 |2 ddc |4 0 |6 004_210000000000000_STA_2006 |7 0 |8 A |9 406939 |a BIBING |b BIBING |c RES |d 2019-11-22 |i 4339630 |l 2 |o 004.21 STA 2006 |p 4339630 |r 2025-01-20 |s 2022-03-16 |w 2019-11-22 |y BK |k EIE | ||
| 952 | |0 0 |1 0 |2 ddc |3 erb |4 0 |6 004_210000000000000_STA_2006 |7 0 |8 A |9 406940 |a BIBING |b BIBING |c RES |i 5441986 |l 8 |o 004.21 STA 2006 |p 5441986 |r 2025-01-20 |s 2024-03-11 |w 2019-11-22 |y BK |z Catalogado en:20171214 |k CCI | ||
| 952 | |0 0 |1 0 |2 ddc |3 erb |4 0 |6 004_210000000000000_STA_2006 |7 0 |8 A |9 406941 |a BIBING |b BIBING |c RES |i 5441978 |l 5 |m 1 |o 004.21 STA 2006 |p 5441978 |r 2025-04-01 |s 2025-03-18 |w 2019-11-22 |y BK |z Catalogado en:20171214 |k CCI | ||